[Event "ROM-ch U18"]
[Site "Calimanesti Caciulata"]
[Date "2019.04.16"]
[Round "2"]
[White "Rascanu, Costel Cristinel"]
[Black "Schneider, Erik"]
[Result "0-1"]
[WhiteElo "1462"]
[BlackElo "1767"]
[PlyCount "86"]
[EventDate "2019.04.15"]
[EventType "swiss"]
[EventRounds "9"]
[EventCountry "ROU"]
[SourceTitle "CBM 190 Extra"]
[Source "ChessBase"]
[SourceDate "2019.07.15"]
[SourceVersion "1"]
[SourceVersionDate "2019.07.15"]
[SourceQuality "1"]

1. e4 c5 2. Nc3 e6 3. g3 d5 4. e5 Nc6 5. f4 a6 6. a4 Rb8 7. Bg2 b5 8. axb5 axb5 9. Nf3 Nh6 10. 0-0 Nf5 11. Ne2 Bb7 12. g4 Nh6 13. h3 d4 14. Ng3 d3 15. f5 Nxe5 16. c3 Nxf3+ 17. Bxf3 Bxf3 18. Qxf3 Qd5 19. fxe6 Qxf3 20. Rxf3 fxe6 21. Rxd3 c4 22. Re3 Bc5 23. Kf2 0-0+ 24. Ke2 Bxe3 25. Kxe3 Rbd8 26. Ne4 Rd3+ 27. Ke2 Rxh3 28. Nd6 Nxg4 29. Kd1 Rh2 30. Kc2 h5 31. Nxb5 h4 32. Ra4 Ne5 33. Nd6 Rf4 34. Ra5 Nf3 35. b4 cxb3+ 36. Kxb3 Rh1 37. Ba3 Nxd2+ 38. Kc2 Nc4 39. Nxc4 Rxc4 40. Rh5 g6 41. Re5 Kf7 42. Kd3 Rc7 43. c4 Rh3+ 0-1

[Event "ROM-chT U16"]
[Site "Iasi"]
[Date "2018.07.17"]
[Round "6.1"]
[White "Isfan, Ioan Marius"]
[Black "Rascanu, Costel Cristinel"]
[Result "1-0"]
[WhiteElo "2054"]
[BlackElo "1425"]
[PlyCount "77"]
[EventDate "2018.07.13"]
[EventType "team-swiss"]
[EventRounds "7"]
[EventCountry "ROU"]
[SourceTitle "EXT 2020"]
[Source "ChessBase"]
[SourceDate "2019.10.17"]
[SourceVersion "1"]
[SourceVersionDate "2019.10.17"]
[SourceQuality "1"]
[WhiteTeam "Buzau Gloria"]
[BlackTeam "Galati CC II"]
[WhiteTeamCountry "ROU"]
[BlackTeamCountry "ROU"]

1. d4 d5 2. Nf3 e6 3. c4 Be7 4. Nc3 Nf6 5. Bg5 h6 6. Bh4 0-0 7. e3 b6 8. Qb3 Bb7 9. cxd5 Nxd5 10. Bxe7 Qxe7 11. Bd3 Nd7 12. 0-0 c5 13. Rfe1 Rfc8 14. Rad1 Rc7 15. Bb1 Nxc3 16. bxc3 Bxf3 17. gxf3 cxd4 18. cxd4 Rac8 19. Qd3 Qg5+ 20. Kh1 g6 21. a4 Qh5 22. Kg2 Qg5+ 23. Kf1 Rc4 24. Ba2 Rxa4 25. Bb3 Ra3 26. Ke2 Qa5 27. Rc1 Rxc1 28. Rxc1 Qb4 29. Rc3 a5 30. Bxe6 Rxc3 31. Qxg6+ Kh8 32. Qxh6+ Kg8 33. Qg6+ Kh8 34. Qh5+ Kg7 35. Qxf7+ Kh6 36. Qf4+ Kg7 37. Qg5+ Kh7 38. Bf5+ Kh8 39. Qh6+ 1-0